000 00644nam a2200217 a 4500
005 20241113063709.0
008 991125s1991 es 000 0 spa u
020 _a8475096913
035 _aUPN01000007561
049 _aCG
050 4 _aLC1390
_bA8.38
100 1 _aAskew, Sue
245 1 4 _aLos chicos no lloran :
_bel sexismo en educación /
_cSue Askew y Carol Ross ; tr. de Luis Botella.
260 _aBarcelona, Esp. :
_bPaidós,
_c1991.
300 _a117 p.
440 0 _aPaidós educador ;
_v102
650 4 _aEducación de niños
_95387
650 4 _aSexismo en educación
_914887
700 1 _aRoss, Carol,
_ecoaut.
905 _aLibro
999 _c7561
_d7561